| Tag |
First Indicator |
Second Indicator |
Subfields |
| LEADER |
00000nam a2200000Ia 4500 |
| 001 |
in00004296513 |
| 005 |
20200810082014.0 |
| 006 |
m g d |
| 007 |
cr bn |||a|bb| |
| 008 |
860207s1664 enk o 00| | eng d |
| 035 |
|
|
|a (OCoLC)13118662
|
| 040 |
|
|
|d m/c
|d UMI
|d WaOLN
|
| 037 |
|
|
|a CL0037000055
|b ProQuest Information and Learning. 300 N. Zeeb Rd., Ann Arbor, MI 48106
|
| 043 |
|
|
|a e-uk---
|
| 045 |
2 |
|
|b d1660
|b d1685
|
| 090 |
|
|
|a HF2651.G52
|b .E53
|
| 049 |
|
|
|a UMIA
|
| 110 |
1 |
|
|a England and Wales.
|b Sovereign (1660-1685 : Charles II)
|
| 245 |
1 |
0 |
|a By the King, a proclamation for the prohibiting the importation of glas-plates
|
| 260 |
|
|
|a London :
|b Printed by John Bill and Christopher Barker ...,
|c 1664.
|
| 300 |
|
|
|a 1 online resource ([2] leaves.
|
| 336 |
|
|
|a text
|b txt
|2 rdacontent
|
| 337 |
|
|
|a computer
|b c
|2 rdamedia
|
| 338 |
|
|
|a online resource
|b cr
|2 rdacarrier
|
| 500 |
|
|
|a Caption title.
|
| 500 |
|
|
|a Imprint from colophon.
|
| 500 |
|
|
|a "Given at our court at Whitehall, the five and twentieth da[y] of July, 1664, in the sixteenth year of our reign."
|
| 500 |
|
|
|a Reproduction of original in the Harvard University Library.
|
| 510 |
4 |
|
|a Wing
|c C3507
|
| 533 |
|
|
|a Electronic reproduction.
|b Ann Arbor, Mich. :
|c UMI,
|d 1999-
|f (Early English books online)
|n Digital version of: (Early English books, 1641-1700 ; 1547:7)
|7 s1999 miun s
|
| 650 |
|
0 |
|a Restraint of trade
|z England.
|
| 650 |
|
0 |
|a Glass manufacture
|z England.
|
| 651 |
|
0 |
|a Great Britain
|x History
|y Charles II, 1660-1685.
|
| 700 |
0 |
|
|a Charles
|b II,
|c King of England,
|d 1630-1685.
|
| 740 |
0 |
|
|a Proclamation for the prohibiting the importation of glas-plates.
|
| 830 |
|
0 |
|a Early English books online.
|
| 856 |
4 |
0 |
|u http://proxy.library.tamu.edu/login?url=https://search.proquest.com/docview/2240853863
|z Connect to the full text of this electronic book
|t 0
|
| 999 |
f |
f |
|s 2f81aaa8-9513-3cdf-b6c4-84e8ab45a7a8
|i 13f003ae-d23c-3e23-8341-566cf7e3b56b
|t 0
|
| 952 |
f |
f |
|a Texas A&M University
|b College Station
|c Electronic Resources
|d Available Online
|t 0
|e HF2651.G52 .E53
|h Library of Congress classification
|
| 998 |
f |
f |
|a HF2651.G52 .E53
|t 0
|l Available Online
|